Word 2002 Expert : A Profesional Approach

Bibliographic Details
Main Author: Hinkle, Deborah
Format: Book
Language:English
Published: New York : McGraw-Hill , 2002
Subjects:

MARC

LEADER 00000cam a2200000 7i4500
001 0000013348
005 20230728.0
008 031008 nyu eng
020 |a 0078273870 pbk 
040 |a INS 
090 0 0 |a Z52.5.M52   |b .H56 2002 
100 1 |a Hinkle, Deborah 
245 1 0 |a Word 2002 Expert :   |b A Profesional Approach   |c Deborah Hinkle 
260 |a New York :   |b McGraw-Hill ,   |c 2002 
300 |a iv, 536 p. :   |b ill. ;   |c 25 cm. 
650 0 |a Microsoft Word   |x Word Processing 
999 |a 0000010405   |b BOOK   |c Open Shelf   |e Default branch